Turkey´s integration process into European Union bakalárska práca

Gespeichert in:
Bibliographische Detailangaben
1. Verfasser: Dinaj, Martin
Körperschaft: Fakulta aplikovaných jazykov EU v Bratislave. Katedra jazykovedy a translatológie
Weitere Verfasser: Štefančík, Radoslav, 1976-
Format: Buch
Sprache:Englisch
Veröffentlicht: Bratislava 2015
Tags: Tag hinzufügen
Keine Tags, Fügen Sie das erste Tag hinzu!

MARC

LEADER 00000nbm a2200000 4500
001 0202069
005 20161212094250.5
041 0 |a eng 
044 |a SK 
245 1 0 |a Turkey´s integration process into European Union  |b bakalárska práca  |c Martin Dinaj ; školiteľ: Radoslav Štefančík 
264 1 |a Bratislava  |c 2015 
300 |a 50 s. 
100 1 |a Dinaj, Martin 
700 1 |a Štefančík, Radoslav, 1976- 
710 2 |a Fakulta aplikovaných jazykov EU v Bratislave. Katedra jazykovedy a translatológie